01572nam a2200397 i 450000100060000000300080000600500170001400600190003100700150005000800410006502000350010603500230014103500240016403500250018803500210021304000310023405000210026508200150028624501650030126400540046630000250052033600310054533700330057633800430060949000470065258801280069965000250082765000290085265500270088170000460090870000440095470000460099870000190104483000490106385600620111226452FlNmELB20241216215913.0m o d | cr cnu||||||||131127s2008 ag o 000 0 spa d a9789875582330 (electronic bk.) a(MiAaPQ)EBC3215533 a(Au-PeEL)EBL3215533 a(CaPaEBR)ebr10779588 a(OCoLC)992030512 aFINmELBbspaerdacFINmELB 4aQH442bR432 20080 a660.6522300aReseñas en ingeniería genética /ccoordinadores: Marcela Gabriela Pilloff, María Laura Migliori, Pablo Daniel Ghiringhelli ; Diana Acosta [y otros 25]. 1aBernal :bUniversidad Nacional de Quilmes,c2008. a1 recurso en línea atextobtxt2rdacontent/spa acomputadorabc2rdamedia/spa arecurso en líneabcr2rdacarrier/spa1 aSerie Digital. Ciencia y tecnología ;v7 aDescripción basada en recurso en línea; Título de la página del título en PDF (e-libro, visto November 27, 2013). 0aGenetic engineering. 4aIngeniería genética. 4aLibros electrónicos.1 aPilloff, Marcela Gabriela,ecoordinadora.1 aMigliori, María Laura,ecoordinadora.1 aGhiringhelli, Pablo Daniel,ecoordinador.1 aAcosta, Diana. 0aSerie Digital.pCiencia y tecnología ;v7.40uhttps://elibro.net/ereader/politecnicointernacional/77579